000 00303nam a22001337a 4500
008 180921b xxu||||| |||| 00| 0 eng d
020 _a9780256095487
041 _aeng
080 _a330
_23 ed
_b330
100 _a49
101 _aBUS
245 _aUnderstaning Business
_cNickels M
942 _2udc
_cBK
999 _c48174
_d48174